000 00208 a2200097 4500
001 29099
100 _aNadvi S M
245 _aHuman Right and Obligations
260 _a
_bIdris H A
_c
090 _c19428
_d19428
942 _aNUST-CAE
_cM
_c10478
999 _c264172
_d264172